000 00540nam a2200181Ia 4500
008 090124s9999 xx 000 0 und d
082 _b18383
100 _aसिनकर श्रीकांत
245 _a बेल बाँड
250 _a1
260 _bदिलीप प्रकाशन
_c1978
300 _a204
600 _aसिनकर श्रीकांत
630 _a बेल बाँड
700 _aसिनकर श्रीकांत
730 _a बेल बाँड
942 _cBOOK
999 _c89459
_d89459